| 000 | 01082nam a22003377a 4500 | ||
|---|---|---|---|
| 003 | CHAP | ||
| 005 | 20220817041312.0 | ||
| 008 | 971013s1960 r 00010 d | ||
| 010 | _a10790 | ||
| 011 | _a11762 | ||
| 035 | _a11066 | ||
| 040 | _cCHAP | ||
| 082 |
_a581.634 _bU5 |
||
| 110 | _aUNESCO | ||
| 245 | _aLes plantes medicineles des regions arides | ||
| 260 |
_aParis : _bUNESCO, _c1960 |
||
| 300 | _a99 p | ||
| 490 |
_aRecherches sur la zone aride _v; 13 |
||
| 590 |
_aBATCH-UPD _b10 _c20130110 _lUCH01 _h0122 |
||
| 590 |
_aBATCH-UPD _b10 _c20130110 _lUCH01 _h1134 |
||
| 590 |
_aBATCH-UPD _b10 _c20130410 _lUCH01 _h0722 |
||
| 590 |
_aBATCH-UPD _b10 _c20130914 _lUCH01 _h0727 |
||
| 590 |
_aCONVERSION _b10 _c20130109 _lUCH01 _h1307 |
||
| 650 | 1 | 4 |
_aBotánica médica. _914680 |
| 650 | 1 | 4 |
_aBotánica _xRegiones áridas. _914612 |
| 830 | 0 |
_aRecherches sur la zone aride _v; 13 _994991 |
|
| 901 | _aBK | ||
| 942 | _cLIBRO | ||
| 949 |
_a581.634 U5 _bBC _cLIBRO _d33724000453791 _eLIBRO _h51656 _i11066 _si |
||
| 949 |
_a581.634 U5 _bBC _cLIBRO _d33724000453809 _eLIBRO _fc.2 _h51657 _i11066 _si |
||
| 999 |
_c10790 _d10790 |
||